Los argentinos, las sociedades off shore, los Panamá y Paradise Papers /
Saved in:
| Format: | Book |
|---|---|
| Published: |
Remedios de Escalada :
Universidad Nacional de Lanús,
2017.
|
| Edition: | 1a ed. |
| LEADER | 00432nam a22001217a 4500 | ||
|---|---|---|---|
| 003 | AR-BeUNQ | ||
| 005 | 20190212143040.0 | ||
| 999 | |c 30743 |d 114543 | ||
| 245 | |a Los argentinos, las sociedades off shore, los Panamá y Paradise Papers / |c Ricardo A. Nissen. | ||
| 250 | |a 1a ed. | ||
| 260 | |a Remedios de Escalada : |b Universidad Nacional de Lanús, |c 2017. | ||
| 929 | |a CANJE |b Universidad Nacional de Lanús |d 300,00 |e 20181121 |f PAT0070909 |h 1 |o PR | ||
| 942 | |c LIB |n 1 | ||